000 00261nam a22001217a 4500
008 180921b xxu||||| |||| 00| 0 eng d
041 _aeng
080 _a070
100 _a39
101 _aMK
245 _aStrategy i nAdvertising
_cBogart, L
942 _2udc
_cBK
999 _c48207
_d48207